| 000 | 00742cab a2200253 4500 | ||
|---|---|---|---|
| 001 | ABS47110 | ||
| 008 | 090401t1992 xxu||||| |||| 00| 0 eng d | ||
| 035 | _a(Sirsi) u60858 | ||
| 041 | _aeng | ||
| 100 | _aKerr, J. | ||
| 245 | _aValuing rural New Zealand | ||
| 260 | _c1992 | ||
| 350 | _a0 | ||
| 490 |
_aCS Monthly : Rural Practice _v2(1) September 1992, 9-11(3) |
||
| 520 | _aOverview of investment in rural land and its valuation following the removal of agricultural support by the New Zealand government in 1984. | ||
| 650 | _aFARMLAND | ||
| 650 | _aLAND PRICES | ||
| 650 | _aNEW ZEALAND | ||
| 650 | _aSUBSIDIES | ||
| 690 | _aOVERSEAS-REST OF THE WORLD | ||
| 690 | _aRURAL PRACTICE | ||
| 942 | _n0 | ||
| 948 | _c04/03/1997 | ||
| 999 |
_c37627 _d37627 |
||